LEADER 01530nam a2200289 4500 001 000000359240 003 CaOOAMICUS 005 20240806094845.0 008 240806s1755 it a 000 u ita r 040 $aSeMil$bita 100 11$aTasso, Bernardo,$d<1493-1569>.$0(OLS)http://semarc/name/75026 245 12$aL'Amadigi di m. Bernardo Tasso colla vita dell'autore e varie illustrazioni dell'opera. Tomo 1.[-4.]. 264 1$aIn Bergamo :$bAppresso Pietro Lancellotti,$c1755. 300 $a4 v. ;$c12° 500 $aNome del curatore, Piero Antonio Serassi, dalla dedica del tomo 1 500 $aFregio xilogr. sui front. 500 $aIniz., fregi xilogr. 501 $aLa vita di Bernardo Tasso scritta da Pierantonio Serassi 700 1 $aSerassi, Piero Antonio,$d<1721-1791>.$0(OLS)http://semarc/name/75961 700 1 $aLancellotti, Pietro,$c.$0(OLS)http://semarc/name/2838 774 0 $tTomo 1.$dIn Bergamo : Appresso Pietro Lancellotti, 1755.$w()359241 774 0 $tTomo 2.$dIn Bergamo : Appresso Pietro Lancellotti, 1755.$w()359242 774 0 $tTomo 3.$dIn Bergamo : Appresso Pietro Lancellotti, 1755.$w()359243 774 0 $aTasso, Torquato <1544-1595>$tTomo 4.$dIn Bergamo : Appresso Pietro Lancellotti, 1755.$w()359244 996 $6245$aL'Amadigi di m. Bernardo Tasso colla vita dell'autore e varie illustrazioni dell'opera. Tomo 1.[-4.]$9(OLS)http://semarc/title/449684 996 $6264$aIn Bergamo :$bAppresso Pietro Lancellotti$9(OLS)http://semarc/publisher/31364 LEADER 01295nam a2200313 i 4500 001 000000124359 003 CaOOAMICUS 005 20210806135804.0 008 040401s2004 it u000 u ita u 013 $a97056 020 $a88-7016-510-8 040 $aSeMil$bita 100 1 $aLuther, Martin$b<1483-1545>.$0(OLS)http://semarc/name/305 245 10$aSermoni e scritti sul battesimo :$b1519-1546 /$ca cura di Gino Conte. 264 1$aTorino :$bClaudiana,$c2004. 300 $a416 p., [4] carte di tav. :$bill. ;$c22 cm. 490 0 $aLutero: Opere scelte ;$v10 650 4$aBattesimo - Teologia liturgica.$0(OLS)http://semarc/subject/7031 650 4$aBattesimo - Omelie.$0(OLS)http://semarc/subject/1395 700 1 $aConte, Gino,$d<1931-2006>.$0(OLS)http://semarc/name/15789 830 0$aLutero: Opere scelte ;$v10.$0(OLS)http://semarc/title/565 850 $aSeMil 852 $aSeMil$W1$xVenegono$y1$m2BA F 16$j227757$B78949$CSeMilBibl$Z2$F81542 $81 900 1 $aMartin Lutero. 996 $6020$a88-7016-510-8$9(OLS)http://semarc/number/110130 996 $6245$aSermoni e scritti sul battesimo :$b1519-1546$9(OLS)http://semarc/title/183006 996 $6264$aTorino :$bClaudiana$9(OLS)http://semarc/publisher/29837